000 00395 a2200145 4500
999 _c6963
_d6963
020 _a9781409718192
050 _aBJ37.LYN 1922
100 _aLynch, Arthur
_eauthor
245 _aEthics, an exposition of principles /
_cArthur Lynch
264 _aLondon:
_bCassell and company.,
_c1922
300 _avii.,298 pages
500 _alncludes index
650 _aEthics
942 _2lcc
_cBK
_h37
_iLYN
_kBJ